MDQL
is popping MORE tags! Check the
thread
!
Quizzes
Events
Quiz Creation
Community
Videos
Private Events
Remove Ads
Sign In
Join for FREE
Feedback
Dark Mode
Quiz Categories
Sports
Geography
Music
Movies
Television
Just For Fun
Miscellaneous
History
Literature
Language
Science
Gaming
Entertainment
Religion
Holiday
For Kids
Quiz Lab
Recent
Popular Today
Quiz Kudos Today
Editor Picks
Curator Picks
Quizzes by...
Day
Popularity
Type
Ratings
Length
Year
Community
Subscriptions
Recent Discussions
Orange Saloon
Badges
Playlists
Quests
Create
Leaderboards
Showdown
Live 5
Trivia Bingo
Activity
Puzzle Library
Sporcle Events
Private Events
Virtual Trivia
Globe League
Become a Host
Pub Owners
SporcleCon
Opinionation
Our Games
Videos
Blog
Mobile Apps
Partnerships
Remove Ads and Go Orange
Feedback
Sports
Athletes
MLB
NBA
NHL
NFL
Soccer
Sports Teams
WWE
NCAA
Football
Premier League
Basketball
Baseball
Hockey
Golf
Tennis
Cricket
Rugby
Auto Racing
Olympics
World Cup
Sports
Athletes
MLB
NBA
NHL
NFL
Soccer
Sports Teams
WWE
NCAA
Football
Premier League
Basketball
Baseball
Hockey
Golf
Tennis
Cricket
Rugby
Auto Racing
Olympics
World Cup
Random Quiz
Search Sporcle
×
Quiz Lab
Quiz Lab
Sports
World
Type in answers that appear in a list
Type in answers that appear in a list
Classic
Best Score? Go Orange.
WCPW Pro Wrestling World Cup: Mexican Leg Card Stats
Can you name the WCPW Pro Wrestling World Cup: Mexican Leg Card?
By
pouracuppatea
10m
20 Questions
50 Plays
50 Plays
50 Plays
Comments
Comments
Give Quiz Kudos
Give Quiz Kudos
-
- Ratings
hide this ad
Replay
Link that replays current quiz
Next Quiz
Link to next quiz in quiz playlist
You Got
0%
They Got
Avg Score
72%
Avg Friend Score
Upgrade to see
Score Distribution
Jump to the score distribution portion of the page
Score
0/20
Timer
10:00
0
Plays Today
Hint
Answer
% Correct
Pro Wrestling World Cup Round 1 Match 3
Rey Mysterio
94%
Pro Wrestling World Cup Round 2 Match 2
Rey Mysterio
94%
Pro Wrestling World Cup Round 1 Match 2
El Ligero
84%
Pro Wrestling World Cup Round 2 Match 1
El Ligero
84%
Pro Wrestling World Cup Round 1 Match 3
Alberto El Patron
80%
Match #10 for WCPW World Championship
Martin Kirby
80%
Pro Wrestling World Cup Round 1 Match 1
Penta El Zero M
78%
Pro Wrestling World Cup Round 2 Match 1
Penta El Zero M
78%
Pro Wrestling World Cup Round 1 Match 1
Rey Fenix
76%
Match #10 for WCPW World Championship
Joe Hendry
76%
Hint
Answer
% Correct
Pro Wrestling World Cup Round 1 Match 4
Juventud Guerrera
74%
Pro Wrestling World Cup Round 2 Match 2
Juventud Guerrera
74%
Match #3
Primate
66%
Pro Wrestling World Cup Round 1 Match 2
Drago
64%
Pro Wrestling World Cup Round 1 Match 4
El Hijo de Dos Caras
62%
Match #4
Travis Banks
58%
Match #7
Drew Galloway
58%
Match #7
Cody Rhodes
58%
Match #3
Scott Wainwright
54%
Match #4
Rampage
52%
Quiz Playlist
Details
Report
Send in Message
Add To Playlist
Classic:
Type in answers that appear in a list
Last Updated: Jun 7, 2017
Quiz Scoreboard
CHALLENGE
Sign Up to Join the Scoreboard
Show All
Scores
Hide
Comments
May contain spoilers
Recently Published
Street Fighter Characters
by Artimus82
Gaming
60s
9x9 Crossword: Cartoon Network
by jackfrog10
Miscellaneous
3m
College Basketball Coaching Resumes
by pancakes188
Sports
9m
More to Explore
Quiz From the Vault
Featured Blog Post
Where Did the Easter Bunny Come From?
hide this ad
You Might Also Like...
Tags
World Quiz
card
cup
leg
Mexican
pro
Pro Wrestling
Wrestling
Today's Top Quizzes in Sports
Browse Sports
hide this ad
Today's Top Quizzes in World
Browse World
Top Contributed Quizzes in Sports
1
2022 World Cup Stars
2
Les meilleurs buteurs des matchs entre le PSG et l’OM
3
FIFA Club World Cup Champions
4
Les entraîneurs de l'OM et du PSG au 21e siècle
5
Criteria MLB: Left Handed Sluggers
6
2023 MLB Unique Player Accomplishments
7
AFC Teams Reveal (Wrong Answers Minefield)
8
5-to-1: FBS Animal Nicknames
9
Players with Multiple 50 Home Run Seasons
10
5-to-1: UK Sports Teams
Explore More
Trending Topics
Kpop
Crossword
Disney
Marvel
Anime
Harry Potter
NBA
Puzzle
Pokémon
Song
Soccer
NFL
Country
WWE
The Office
hide this ad
More By:
pouracuppatea
Quiz
Plays
Rating
Category
Featured
Created
Complete the Card: NXT Takeover: Chicago
208
4.00
Sports
May 21, 2017
Complete the Card: NJPW Wrestling Dontaku 2017
187
4.00
Sports
May 7, 2017
Complete the Card: ROH/NJPW War of the Worlds 2017
176
Sports
May 13, 2017
Complete the Card: NJPW Sakura Genesis 2017
126
Sports
Jun 27, 2017
Complete the Card: NXT Takeover: Orlando
121
4.00
Sports
May 18, 2017
Go to Creator's Profile
Score Distribution
Quiz Creator Spotlight
pouracuppatea
Follow
Send a Message
Quizzes Created
-
Created Quiz Play Count
-
More By This Creator
Popular Quizzes Today
1
Find the US States - No Outlines Minefield
2
Find the Countries of Europe - No Outlines Minefield
3
The Countries of the World
4
Find the US States
5
Risky Map Clicking: Biggest States A-Z
6
US States
7
Popular People in 1961
8
Movies - When Are They Set?
More Sports Quizzes
NFL 700+ Receiving Yard Trios (2000s)
Published
Trending Quizzes
Risky Map Clicking: Least Populous States A-Z
Countries of the World: 200 Million BC
1-10 Letter G Words
Risky Map Clicking: Next State Alphabetically
Adjectives in 80s TV Shows
Recently Updated
Leaping Animals
pecheneg
Reality TV Shows (A-Z)
bhenderson79
Rickey Henderson's Hall of Fame Teammates
pecheneg
Champions League XIs: Arsenal
pecheneg
Quick Pick: Celebrities in WWE's Hall of Fame
aduchscher
A-Z Keypad Blitz II
pecheneg
Multiple Oscar Actors
pecheneg
Mystery Phrase Blitz: Oscar 'Best Actors'
pecheneg
F. Scott Fitzgerald Novels
LTH
Pick 3 Villains
ddd62291
Trending Topics
Marvel
Disney
Kpop
NBA
Harry Potter
Anime
Crossword
Pokémon
Song
Puzzle
Country
NFL
WWE
Soccer
The Office
Your Account Isn't Verified!
In order to create a playlist on Sporcle, you need to verify the email address you used during registration. Go to your
Sporcle Settings
to finish the process.
Report this User
Report this user for behavior that violates our
Community Guidelines
.
Details:
Send Report
Go to the Sporcle.com Mobile Site →
Comments